Análisis de circuitos en ingeniería (Registro nro. 22200)

Detalles MARC
000 -Cabecera
Campo de control interno 00731nam a22002537a 4500
005 - Fecha y hora del registro
control field 20260415095303.0
008 - Elementos de Longitud Fija
fixed length control field 260407b |||||||| |||| 00| 0 spa d
020 ## - ISBN
ISBN 007027410X
041 ## - Idioma
Codigo Idioma ESP
082 ## - DEWEY y NOTACIÓN INTERNA
Dewey 621.38412
Notación Interna H28
100 ## - AUTOR
Autor denominación Hayt, William H.
Término de relación autor
245 ## - TÍTULO DE MATERIAL BIBLIOGRÁFICO
Título Análisis de circuitos en ingeniería
250 ## - EDICIÓN
Edición Quinta edición
260 ## - CIUDAD, EDITORIAL, AÑO
Ciudad Naucalpan de Juárez :
Nombre de la Editorial McGraw-Hill/Interamericana de México,
Año 1993
300 ## - DESCRIPCIÓN
N° Páginas xviil, 708 páginas :
Otros detalles tablas, gráficos ;
Dimensiones 26 cm.
440 ## - MENCIÓN DE SERIE
Título de la Serie ;
505 ## - TABLA DE CONTENIDO
Tabla de Contenido En la portada: Tercera edición en español
650 ## - TEMAS
Temas Tecnología (Ciencias Aplicadas)
653 ## - DESCRIPTORES
Lenguajes no controlado Circuitos
654 ## - PROGRAMAS
Programa Dpto. de Ingeniería Mecatrónica
700 ## - OTROS AUTORES
Otros autores Kemmerly, Jack E.
Termino Relacionado autor
942 ## - ELEMENTOS DE KOHA
Tipo de documento Libro
Nombre del creador Justo Noguera
Código de catalogador Justo Noguera
Suppress in OPAC No
Esquema de clasificación Dewey Decimal Classification
Existencias
Codigo completo Registro Colección Copia número Disponibilidad Tipo de préstamo Biblioteca Actual Procedencia (Biblioteca) Ubicacón Fecha Ingreso Tipo de Adquisición Date last seen Total checkouts Price effective from Tipo de Item Estado del Material Fuente de Clasificación Damaged status Withdrawn status
621.38412 H28 U0003244 Universidad Católica San Pablo 1 Disponible Disponible Víctor Andrés Belaunde Víctor Andrés Belaunde Segundo piso 07/04/2026 Compra 07/04/2026   07/04/2026 Libro Bueno Dewey Decimal Classification